000 00902nam a22002177a 4500
999 _c405
_d405
003 AR-CdUCM
008 190223b ||||| |||| 00| 0 spa d
040 _aMUNICIPALIDAD PROVINCIAL DEL CUSCO
_cBIBLIOTECA MUNICIPAL DEL CUSCO
082 _a375.32 /
_bAR68
100 _aArdiles Morales, Ostende M.
_91614
245 _aMaterial didáctico :
_bDoctrina, preparación, aplicaciones /
260 _aCusco :
_bEmpresa editorial Cuzco,
_c1968.
300 _a203 páginas ;
_bIlustraciones, fotografias.
_c22 cm.
505 _aHistoria de las ayudas audiovisuales -- Precursores de la enseñanza objetiva -- Educación audiovisual -- Catalogación de las ayudas audiovisuales -- Caracteristicas de las ayudas audiovisuales ...
650 _aAudiovisual
_91615
650 _aEnseñanza.
_91616
650 _aDoctrina.
_91208
650 _aEducación
_9460
942 _2ddc
_cLIBROS
945 _amvr
_d2019-02-23